[Event "Montreal Specialiste"]
[Site "Montreal"]
[Date "1982.03.21"]
[Round "5"]
[White "Morin, Louis"]
[Black "Balla, Odon"]
[Result "1-0"]
[WhiteElo "1863"]
[BlackElo "1494"]
[PlyCount "57"]
[EventDate "1982.03.19"]
[EventType "swiss"]
[EventRounds "5"]
[EventCountry "CAN"]
[SourceTitle "EXT 2022"]
[Source "ChessBase"]
[SourceDate "2021.10.06"]
[SourceVersion "1"]
[SourceVersionDate "2021.10.06"]
[SourceQuality "1"]

1. e4 e5 2. Nf3 Nc6 3. Bb5 Bc5 4. 0-0 a6 5. Bxc6 bxc6 6. Nxe5 Bd6 7. Nf3 c5 8. d3 Nh6 9. Nc3 Ng4 10. e5 Be7 11. h3 h5 12. hxg4 hxg4 13. Nh2 g3 14. fxg3 d6 15. Qf3 Be6 16. Nd5 Kd7 17. Nxe7 Qxe7 18. exd6 Qxd6 19. Bf4 Qc6 20. Qxc6+ Kxc6 21. Nf3 f6 22. b3 Rad8 23. Kf2 Rd7 24. Rh1 Rb8 25. Rae1 Bf5 26. Re2 a5 27. a4 Bxd3 28. cxd3 Rxb3 29. d4 1-0